000
00314nam a22001337a 4500
020
_a
81-8044-010-9
082
_a
824
_b
KIS/K
100
_a
KISHORE,B. R
245
_a
ESSAYS FOR PRIMARY CLASSES
260
_a
NEW DELHI
_b
VEE KUMAR PUBLICATIONS PVT.LTD.
300
_a
112
650
_a
ESSAYS
_z
NEW DELHI
942
_c
BK
999
_c
3708
_d
3708